[Event "DVM U14w 2020"]
[Site "Willingen GER"]
[Date "2021.06.25"]
[Round "3"]
[White "Reich, Elisabeth"]
[Black "Adelmeyer, Nelly"]
[Result "1-0"]
[Termination "normal"]
[Board "3.1"]
[WhiteElo "1191"]
[BlackElo "1458"]
[WhiteClock "00:35:36"]
[BlackClock "00:31:29"]
[WhiteTeam "ATSV Oberkotzau"]
[BlackTeam "SV Roter Turm Halle"]
[PlyCount "119"]
[WhiteFideId "16239776"]
[BlackFideId "16203577"]
[EventCountry "GER"]
[EventRounds "7"]
[EventType "team-swiss"]
[EventDate "2021.06.23"]

1. e4 {[%clk 1:30:57]} 1... e6 {[%clk 1:30:54]} 2. d3 {[%clk 1:31:21]} 2... d5
{[%clk 1:31:17]} 3. Nd2 {[%clk 1:31:46]} 3... c5 {[%clk 1:31:39]} 4. Ngf3 {
[%clk 1:32:10]} 4... Nc6 {[%clk 1:31:49]} 5. g3 {[%clk 1:32:22]} 5... g6 {
[%clk 1:31:40]} 6. Bg2 {[%clk 1:32:27]} 6... Bg7 {[%clk 1:31:43]} 7. O-O {
[%clk 1:32:18]} 7... Nge7 {[%clk 1:31:27]} 8. Re1 {[%clk 1:31:43]} 8... O-O {
[%clk 1:31:39]} 9. Nh4 {[%clk 1:29:32]} 9... Qb6 {[%clk 1:28:51]} 10. c3 {
[%clk 1:26:23]} 10... Ne5 {[%clk 1:27:43]} 11. Qe2 {[%clk 1:21:06]} 11... Qa6 {
[%clk 1:24:35]} 12. c4 {[%clk 1:18:18]} 12... N7c6 {[%clk 1:23:17]} 13. f4 {
[%clk 1:17:35]} 13... Nd4 {[%clk 1:23:18]} 14. Qd1 {[%clk 1:16:09]} 14... Nxd3
{[%clk 1:23:01]} 15. Re3 {[%clk 1:15:37]} 15... Nb4 {[%clk 1:22:25]} 16. Rc3 {
[%clk 1:14:33]} 16... Bd7 {[%clk 1:14:38]} 17. a4 {[%clk 1:11:38]} 17... dxc4 {
[%clk 1:10:30]} 18. Bf1 {[%clk 1:09:40]} 18... Nbc2 {[%clk 0:58:26]} 19. Rxc2 {
[%clk 1:02:01]} 19... Bxa4 {[%clk 0:57:38]} 20. Nxc4 {[%clk 0:52:13]} 20...
Bxc2 {[%clk 0:55:54]} 21. Rxa6 {[%clk 0:51:15]} 21... Bxd1 {[%clk 0:56:10]} 22.
Ra3 {[%clk 0:50:13]} 22... Nb3 23. Bd2 {[%clk 0:47:29]} 23... b5 { [%clk
0:53:23]} 24. Ne3 {[%clk 0:47:19]} 24... Bd4 {[%clk 0:51:46]} 25. Kg2 { [%clk
0:45:54]} 25... Nxd2 {[%clk 0:48:22]} 26. Nxd1 {[%clk 0:45:50]} 26... b4 {[%clk
0:47:51]} 27. Ra2 {[%clk 0:44:50]} 27... Nxe4 {[%clk 0:47:17]} 28. Nf3 { [%clk
0:43:17]} 28... Bg7 {[%clk 0:46:35]} 29. Bb5 {[%clk 0:42:32]} 29... Rad8 {[%clk
0:44:18]} 30. Ne3 {[%clk 0:40:53]} 30... Nd2 {[%clk 0:43:42]} 31. Ne1 { [%clk
0:38:48]} 31... Bd4 {[%clk 0:42:23]} 32. Nc4 {[%clk 0:37:14]} 32... Nxc4 {[%clk
0:41:55]} 33. Bxc4 {[%clk 0:37:34]} 33... b3 {[%clk 0:34:30]} 34. Rxa7 { [%clk
0:36:13]} 34... Bxb2 {[%clk 0:34:50]} 35. Bxb3 {[%clk 0:35:36]} 35... Rd2+
{[%clk 0:34:58]} 36. Kh3 {[%clk 0:35:12]} 36... Bd4 {[%clk 0:34:28]} 37. Bc4
{[%clk 0:34:44]} 37... Bg1 {[%clk 0:33:59]} 38. Nf3 {[%clk 0:34:50]} 38... Rc2
{[%clk 0:34:04]} 39. Bxe6 {[%clk 0:34:32]} 39... Bxh2 {[%clk 0:32:23]} 40. Nxh2
{[%clk 0:33:35]} 40... fxe6 {[%clk 0:32:42]} 41. Ng4 {[%clk 0:33:51]} 41... Rf7
{[%clk 0:32:26]} 42. Nh6+ {[%clk 0:33:53]} 42... Kg7 {[%clk 0:32:41]} 43. Nxf7
{[%clk 0:34:02]} 43... c4 {[%clk 0:30:31]} 44. Nd6+ {[%clk 0:33:31]} 44... Kg8
{[%clk 0:29:34]} 45. Rc7 {[%clk 0:33:03]} 45... c3 {[%clk 0:29:32]} 46. Nb5
{[%clk 0:32:50]} 46... h6 {[%clk 0:29:03]} 47. Rxc3 {[%clk 0:32:04]} 47... Rxc3
{[%clk 0:29:18]} 48. Nxc3 {[%clk 0:32:24]} 48... g5 {[%clk 0:29:35]} 49. fxg5
{[%clk 0:32:41]} 49... hxg5 {[%clk 0:30:00]} 50. Kg4 {[%clk 0:33:06]} 50... Kf7
{[%clk 0:29:55]} 51. Kxg5 {[%clk 0:33:12]} 51... Ke7 {[%clk 0:29:53]} 52. Kh6
{[%clk 0:33:30]} 52... Kf7 {[%clk 0:29:36]} 53. g4 {[%clk 0:33:44]} 53... Kg8
{[%clk 0:30:01]} 54. g5 {[%clk 0:34:05]} 54... e5 {[%clk 0:30:16]} 55. g6
{[%clk 0:34:12]} 55... Kh8 {[%clk 0:30:08]} 56. g7+ {[%clk 0:34:29]} 56... Kg8
{[%clk 0:30:30]} 57. Ne4 {[%clk 0:34:51]} 57... Kf7 {[%clk 0:30:54]} 58. Kh7
{[%clk 0:35:14]} 58... Ke6 {[%clk 0:31:10]} 59. g8=Q+ {[%clk 0:35:25]} 59...
Kf5 {[%clk 0:31:29]} 60. Qg6+ {[%clk 0:35:36]} 1-0

[Event "DVM U14w 2020"]
[Site "Willingen GER"]
[Date "2021.06.25"]
[Round "3"]
[White "Lorenz, Anouk"]
[Black "Hergenröder, Cora"]
[Result "0-1"]
[Termination "normal"]
[Board "3.2"]
[WhiteElo "1460"]
[BlackElo "1489"]
[WhiteClock "00:01:03"]
[BlackClock "00:03:31"]
[WhiteTeam "SV Roter Turm Halle"]
[BlackTeam "ATSV Oberkotzau"]
[PlyCount "60"]
[WhiteFideId "12990256"]
[BlackFideId "34603700"]
[EventCountry "GER"]
[EventRounds "7"]
[EventType "team-swiss"]
[EventDate "2021.06.23"]

1. e4 {[%clk 1:30:58]} 1... d5 {[%clk 1:30:56]} 2. exd5 {[%clk 1:31:21]} 2...
Qxd5 {[%clk 1:31:22]} 3. Nc3 {[%clk 1:31:41]} 3... Qd6 {[%clk 1:31:39]} 4. d4 {
[%clk 1:31:53]} 4... Nf6 {[%clk 1:31:29]} 5. Bc4 {[%clk 1:31:46]} 5... Bf5 {
[%clk 1:30:40]} 6. Nf3 {[%clk 1:31:09]} 6... c6 {[%clk 1:29:54]} 7. Ne5 { [%clk
1:18:08]} 7... e6 {[%clk 1:23:29]} 8. Bf4 {[%clk 1:11:00]} 8... Qd8 { [%clk
1:15:52]} 9. g4 {[%clk 0:45:58]} 9... Bg6 {[%clk 1:00:52]} 10. h4 { [%clk
0:40:59]} 10... Ne4 {[%clk 0:45:40]} 11. Nxe4 11... Bxe4 {[%clk 0:45:47]} 12.
f3 {[%clk 0:36:48]} 12... Bd5 {[%clk 0:45:08]} 13. Be2 {[%clk 0:32:12]} 13...
f6 {[%clk 0:37:52]} 14. c4 {[%clk 0:21:56]} 14... fxe5 {[%clk 0:32:55]} 15.
Bxe5 {[%clk 0:21:56]} 15... Bb4+ {[%clk 0:19:16]} 16. Kf1 {[%clk 0:21:18]}
16... Rg8 {[%clk 0:16:14]} 17. cxd5 {[%clk 0:19:58]} 17... Qxd5 {[%clk 0:14:47]
} 18. b3 {[%clk 0:16:28]} 18... b5 {[%clk 0:12:30]} 19. Qc2 {[%clk 0:09:27]}
19... g6 {[%clk 0:09:47]} 20. a4 {[%clk 0:03:29]} 20... Nd7 {[%clk 0:06:42]}
21. Rd1 {[%clk 0:03:32]} 21... Rc8 {[%clk 0:05:47]} 22. axb5 22... Ke7 { [%clk
0:05:11]} 23. Kg2 {[%clk 0:02:27]} 23... cxb5 {[%clk 0:05:13]} 24. Qd3 { [%clk
0:01:18]} 24... Nxe5 {[%clk 0:04:39]} 25. dxe5 {[%clk 0:01:40]} 25... Qxd3
{[%clk 0:04:57]} 26. Bxd3 {[%clk 0:01:57]} 26... a6 {[%clk 0:05:08]} 27. Ra1
{[%clk 0:02:04]} 27... Rc3 {[%clk 0:05:17]} 28. Be4 {[%clk 0:01:15]} 28... Rxb3
{[%clk 0:04:56]} 29. Rxa6 {[%clk 0:01:25]} 29... Bc5 {[%clk 0:04:37]} 30. Rc6
{[%clk 0:01:03]} 30... Be3 {[%clk 0:03:31]} 0-1

[Event "DVM U14w 2020"]
[Site "Willingen GER"]
[Date "2021.06.25"]
[Round "3"]
[White "Leuchsenring, Delia"]
[Black "Derling, Charlotte"]
[Result "0-1"]
[Termination "normal"]
[Board "3.3"]
[WhiteElo "1051"]
[BlackElo "1406"]
[WhiteClock "00:10:41"]
[BlackClock "00:02:04"]
[WhiteTeam "ATSV Oberkotzau"]
[BlackTeam "SV Roter Turm Halle"]
[PlyCount "94"]
[WhiteFideId "34605304"]
[BlackFideId "16222237"]
[EventCountry "GER"]
[EventRounds "7"]
[EventType "team-swiss"]
[EventDate "2021.06.23"]

1. e4 {[%clk 1:30:58]} 1... c5 {[%clk 1:30:54]} 2. c3 {[%clk 1:31:17]} 2... Nf6
{[%clk 1:31:03]} 3. e5 {[%clk 1:29:18]} 3... Nd5 {[%clk 1:30:57]} 4. d4 { [%clk
1:28:15]} 4... cxd4 {[%clk 1:31:01]} 5. cxd4 {[%clk 1:28:33]} 5... Nc6 { [%clk
1:31:03]} 6. Nf3 {[%clk 1:27:56]} 6... e6 {[%clk 1:24:23]} 7. Nc3 { [%clk
1:26:19]} 7... Nxc3 {[%clk 1:15:43]} 8. bxc3 {[%clk 1:26:22]} 8... d6 { [%clk
1:11:35]} 9. Bb5 {[%clk 1:20:12]} 9... Bd7 {[%clk 1:05:31]} 10. O-O { [%clk
1:15:35]} 10... Nxe5 {[%clk 0:57:53]} 11. Bxd7+ {[%clk 1:11:55]} 11... Nxd7
{[%clk 0:57:58]} 12. Rb1 {[%clk 1:10:36]} 12... Qc7 {[%clk 0:53:39]} 13. Qd3
{[%clk 1:05:35]} 13... Be7 {[%clk 0:47:52]} 14. Re1 {[%clk 0:58:33]} 14... Nb6
{[%clk 0:44:24]} 15. Bf4 {[%clk 0:51:03]} 15... Rc8 {[%clk 0:40:11]} 16. Rbc1
{[%clk 0:44:13]} 16... Nd5 {[%clk 0:35:19]} 17. Bd2 {[%clk 0:42:19]} 17... Qc4
{[%clk 0:33:46]} 18. Qxc4 {[%clk 0:38:46]} 18... Rxc4 {[%clk 0:33:56]} 19. Rc2
{[%clk 0:37:03]} 19... O-O 20. Rb1 {[%clk 0:36:05]} 20... b6 { [%clk 0:30:35]}
21. Kf1 {[%clk 0:31:05]} 21... Rfc8 {[%clk 0:28:39]} 22. Rb3 { [%clk 0:30:19]}
22... Bf6 {[%clk 0:25:15]} 23. Ra3 {[%clk 0:26:35]} 23... a5 { [%clk 0:23:03]}
24. Ke2 {[%clk 0:24:08]} 24... Bxd4 {[%clk 0:19:04]} 25. Nxd4 { [%clk 0:23:50]}
25... Rxd4 {[%clk 0:19:09]} 26. Kd1 {[%clk 0:22:54]} 26... Rdc4 {[%clk
0:18:10]} 27. Ke2 {[%clk 0:21:31]} 27... a4 {[%clk 0:13:30]} 28. Rb2 { [%clk
0:20:58]} 28... R8c6 {[%clk 0:13:30]} 29. Kd3 {[%clk 0:19:17]} 29... f6 { [%clk
0:10:41]} 30. f3 {[%clk 0:18:07]} 30... h5 {[%clk 0:08:37]} 31. h4 { [%clk
0:16:47]} 31... Kf7 {[%clk 0:08:37]} 32. Rb1 {[%clk 0:15:36]} 32... Kg6 { [%clk
0:04:22]} 33. Re1 {[%clk 0:15:44]} 33... Nc7 {[%clk 0:02:42]} 34. Re4 { [%clk
0:14:21]} 34... d5 {[%clk 0:02:33]} 35. Rxc4 {[%clk 0:13:37]} 35... Rxc4 {[%clk
0:02:57]} 36. Be3 {[%clk 0:13:39]} 36... Nb5 {[%clk 0:03:09]} 37. Bc1 { [%clk
0:13:07]} 37... Nxa3 {[%clk 0:03:31]} 38. Bxa3 {[%clk 0:13:08]} 38... Kf5
{[%clk 0:03:12]} 39. Bd6 {[%clk 0:12:46]} 39... g5 {[%clk 0:02:19]} 40. hxg5 {
[%clk 0:12:46]} 40... Rh4 {[%clk 0:02:32]} 41. Bc7 {[%clk 0:11:13]} 41... b5 {
[%clk 0:02:42]} 42. Ke3 {[%clk 0:11:05]} 42... Rc4 {[%clk 0:02:12]} 43. Ba5 {
[%clk 0:11:23]} 43... h4 {[%clk 0:02:04]} 44. Kf2 {[%clk 0:10:41]} 44... Kf4
45. Bb4 h3 46. Bd6+ e5 47. Be7 Rxc3 0-1

[Event "DVM U14w 2020"]
[Site "Willingen GER"]
[Date "2021.06.25"]
[Round "3"]
[White "Hesse, Sariana"]
[Black "Köppel, Clementine"]
[Result "0-1"]
[Termination "normal"]
[Board "3.4"]
[WhiteElo "1048"]
[BlackElo "1244"]
[WhiteClock "01:20:10"]
[BlackClock "01:06:07"]
[WhiteTeam "SV Roter Turm Halle"]
[BlackTeam "ATSV Oberkotzau"]
[PlyCount "48"]
[WhiteFideId "34605843"]
[BlackFideId "34605819"]
[EventCountry "GER"]
[EventRounds "7"]
[EventType "team-swiss"]
[EventDate "2021.06.23"]

1. d4 {[%clk 1:30:57]} 1... d5 {[%clk 1:30:56]} 2. Nf3 {[%clk 1:31:19]} 2...
Nc6 {[%clk 1:31:18]} 3. a3 {[%clk 1:31:42]} 3... Bg4 {[%clk 1:31:34]} 4. e3 {
[%clk 1:31:54]} 4... Nf6 {[%clk 1:31:44]} 5. Nbd2 {[%clk 1:32:02]} 5... e6 {
[%clk 1:31:41]} 6. Bd3 {[%clk 1:32:24]} 6... Bd6 {[%clk 1:31:09]} 7. b3 { [%clk
1:32:36]} 7... O-O {[%clk 1:30:55]} 8. Bb2 {[%clk 1:32:57]} 8... Qe7 { [%clk
1:30:32]} 9. O-O {[%clk 1:32:44]} 9... e5 {[%clk 1:29:54]} 10. Be2 { [%clk
1:32:35]} 10... exd4 {[%clk 1:28:57]} 11. exd4 {[%clk 1:31:29]} 11... Rae8
{[%clk 1:27:01]} 12. Re1 {[%clk 1:31:31]} 12... Ne4 {[%clk 1:25:21]} 13. c4
{[%clk 1:29:44]} 13... Nxd2 {[%clk 1:21:10]} 14. Qxd2 {[%clk 1:28:35]} 14...
dxc4 {[%clk 1:17:04]} 15. bxc4 {[%clk 1:27:44]} 15... b6 {[%clk 1:14:22]} 16.
d5 {[%clk 1:26:08]} 16... Bxf3 {[%clk 1:14:26]} 17. Bxf3 {[%clk 1:25:33]} 17...
Ne5 {[%clk 1:13:41]} 18. Be4 {[%clk 1:25:08]} 18... Qh4 {[%clk 1:10:31]} 19. h3
{[%clk 1:24:49]} 19... Ng6 {[%clk 1:09:10]} 20. Bxg6 {[%clk 1:23:27]} 20...
fxg6 {[%clk 1:09:12]} 21. Qc3 {[%clk 1:20:48]} 21... Qxf2+ {[%clk 1:08:03]} 22.
Kh1 {[%clk 1:20:31]} 22... Rxe1+ {[%clk 1:06:06]} 23. Rxe1 {[%clk 1:20:05]}
23... Qf1+ {[%clk 1:05:47]} 24. Rxf1 {[%clk 1:20:10]} 24... Rxf1# { [%clk
1:06:07]} 0-1

[Event "DVM U14w 2020"]
[Site "Willingen GER"]
[Date "2021.06.25"]
[Round "3"]
[White "Lorenz, Veronika"]
[Black "Roncea, Andrea-Alexandra"]
[Result "1/2-1/2"]
[Termination "normal"]
[Board "4.1"]
[WhiteElo "1336"]
[BlackElo "1619"]
[WhiteClock "00:34:08"]
[BlackClock "00:12:56"]
[WhiteTeam "TSG Oberschöneweide e.V."]
[BlackTeam "SC Papenburg"]
[PlyCount "70"]
[WhiteFideId "16277406"]
[BlackFideId "16233115"]
[EventCountry "GER"]
[EventRounds "7"]
[EventType "team-swiss"]
[EventDate "2021.06.23"]

1. e4 {[%clk 1:30:51]} 1... e5 {[%clk 1:30:52]} 2. Nf3 {[%clk 1:31:11]} 2...
Nc6 {[%clk 1:31:10]} 3. Bc4 {[%clk 1:31:19]} 3... Bc5 {[%clk 1:31:25]} 4. c3 {
[%clk 1:30:57]} 4... Nf6 {[%clk 1:31:40]} 5. d4 {[%clk 1:30:34]} 5... exd4 {
[%clk 1:31:52]} 6. O-O {[%clk 1:30:16]} 6... Nxe4 {[%clk 1:24:48]} 7. cxd4 {
[%clk 1:23:56]} 7... d5 {[%clk 1:19:45]} 8. dxc5 {[%clk 1:24:06]} 8... dxc4 {
[%clk 1:20:01]} 9. Qe2 {[%clk 1:24:10]} 9... Qd3 {[%clk 1:19:27]} 10. Re1 {
[%clk 1:24:09]} 10... f5 {[%clk 1:12:59]} 11. Nc3 {[%clk 1:23:59]} 11... O-O {
[%clk 1:07:05]} 12. Nxe4 {[%clk 1:23:06]} 12... fxe4 {[%clk 1:07:05]} 13. Qxe4
{[%clk 1:23:23]} 13... Bf5 {[%clk 1:06:43]} 14. Qh4 {[%clk 1:22:37]} 14... Rae8
{[%clk 1:03:16]} 15. Bd2 {[%clk 1:15:01]} 15... Qd5 {[%clk 0:51:53]} 16. Bc3 {
[%clk 1:12:24]} 16... h6 {[%clk 0:46:25]} 17. Qg3 {[%clk 1:09:46]} 17... Qf7 {
[%clk 0:46:12]} 18. Ne5 {[%clk 1:06:01]} 18... Nxe5 {[%clk 0:44:30]} 19. Rxe5 {
[%clk 1:06:18]} 19... Rxe5 {[%clk 0:44:00]} 20. Bxe5 {[%clk 1:06:38]} 20... c6
{[%clk 0:43:18]} 21. Rd1 {[%clk 1:03:50]} 21... Qg6 {[%clk 0:28:01]} 22. Qc3 {
[%clk 0:57:44]} 22... Bd3 {[%clk 0:27:00]} 23. b3 {[%clk 0:54:10]} 23... Be4 {
[%clk 0:24:11]} 24. Bg3 {[%clk 0:51:37]} 24... cxb3 {[%clk 0:23:38]} 25. Qxb3+
{[%clk 0:51:56]} 25... Bd5 {[%clk 0:23:45]} 26. Qb1 {[%clk 0:46:06]} 26... Qxb1
{[%clk 0:20:24]} 27. Rxb1 {[%clk 0:46:31]} 27... Bxa2 {[%clk 0:17:56]} 28. Rxb7
{[%clk 0:46:48]} 28... Rf7 {[%clk 0:17:15]} 29. Rb8+ {[%clk 0:46:10]} 29... Kh7
{[%clk 0:17:15]} 30. Ra8 {[%clk 0:46:24]} 30... Bc4 {[%clk 0:16:11]} 31. Rc8 {
[%clk 0:45:57]} 31... Bb5 {[%clk 0:16:11]} 32. Ra8 {[%clk 0:41:19]} 32... a6 {
[%clk 0:15:47]} 33. f3 {[%clk 0:41:30]} 33... Re7 {[%clk 0:14:45]} 34. Bd6 {
[%clk 0:39:22]} 34... Rf7 {[%clk 0:13:23]} 35. Kf2 {[%clk 0:34:08]} 35... Kg6 {
[%clk 0:12:56]} 1/2-1/2

[Event "DVM U14w 2020"]
[Site "Willingen GER"]
[Date "2021.06.25"]
[Round "3"]
[White "Zöllner, Bente"]
[Black "Arnold, Rubina"]
[Result "1-0"]
[Termination "normal"]
[Board "4.2"]
[WhiteElo "1614"]
[BlackElo "1442"]
[WhiteClock "00:20:24"]
[BlackClock "00:28:11"]
[WhiteTeam "SC Papenburg"]
[BlackTeam "TSG Oberschöneweide e.V."]
[PlyCount "67"]
[WhiteFideId "16230523"]
[BlackFideId "16276272"]
[EventCountry "GER"]
[EventRounds "7"]
[EventType "team-swiss"]
[EventDate "2021.06.23"]

1. d4 {[%clk 1:30:59]} 1... Nf6 {[%clk 1:30:54]} 2. Nf3 {[%clk 1:31:18]} 2...
g6 {[%clk 1:31:18]} 3. c4 {[%clk 1:31:38]} 3... Bg7 {[%clk 1:31:44]} 4. Nc3 {
[%clk 1:31:51]} 4... O-O {[%clk 1:32:05]} 5. e4 {[%clk 1:32:08]} 5... d6 {
[%clk 1:32:27]} 6. h3 {[%clk 1:32:24]} 6... Na6 {[%clk 1:32:39]} 7. Be3 { [%clk
1:32:32]} 7... e5 {[%clk 1:32:49]} 8. d5 {[%clk 1:32:36]} 8... b6 { [%clk
1:31:17]} 9. a3 {[%clk 1:27:40]} 9... Nc5 {[%clk 1:30:00]} 10. Nd2 { [%clk
1:27:13]} 10... Bb7 {[%clk 1:18:34]} 11. Be2 {[%clk 1:24:59]} 11... c6 { [%clk
1:13:32]} 12. Rc1 {[%clk 1:20:40]} 12... cxd5 {[%clk 1:12:11]} 13. cxd5 { [%clk
1:19:59]} 13... Rc8 {[%clk 1:10:02]} 14. O-O {[%clk 1:15:39]} 14... Nfd7 {[%clk
1:08:10]} 15. b4 {[%clk 1:12:35]} 15... Na6 {[%clk 1:07:36]} 16. Nb5 { [%clk
1:10:22]} 16... Rxc1 {[%clk 1:07:37]} 17. Qxc1 {[%clk 1:10:30]} 17... Qb8
{[%clk 1:07:54]} 18. g4 {[%clk 1:07:34]} 18... f5 {[%clk 1:05:54]} 19. gxf5 {
[%clk 1:05:17]} 19... gxf5 {[%clk 1:05:54]} 20. f3 {[%clk 1:02:29]} 20... Rf6 {
[%clk 1:01:01]} 21. Kh2 {[%clk 0:55:48]} 21... Nf8 {[%clk 0:52:21]} 22. Bg5 {
[%clk 0:53:35]} 22... Rg6 {[%clk 0:49:50]} 23. h4 {[%clk 0:52:59]} 23... f4 {
[%clk 0:48:52]} 24. Nc4 {[%clk 0:48:31]} 24... Bf6 {[%clk 0:46:50]} 25. Rg1 {
[%clk 0:42:22]} 25... Kh8 {[%clk 0:46:24]} 26. Ncxd6 {[%clk 0:33:29]} 26...
Bxg5 {[%clk 0:45:57]} 27. Nf7+ {[%clk 0:33:33]} 27... Kg7 {[%clk 0:45:46]} 28.
Nxg5 {[%clk 0:33:29]} 28... Bc8 {[%clk 0:36:46]} 29. Nh3 {[%clk 0:31:54]} 29...
Bd7 {[%clk 0:34:54]} 30. h5 {[%clk 0:24:16]} 30... Rxg1 {[%clk 0:33:12]} 31.
Qxg1+ {[%clk 0:24:09]} 31... Kf7 {[%clk 0:29:43]} 32. Ng5+ {[%clk 0:20:46]}
32... Kg7 {[%clk 0:28:41]} 33. Ne6+ {[%clk 0:20:14]} 33... Kf6 {[%clk 0:28:11]}
34. Qg7# {[%clk 0:20:24]  Qd8} 1-0

[Event "DVM U14w 2020"]
[Site "Willingen GER"]
[Date "2021.06.25"]
[Round "3"]
[White "Fock, Madiha"]
[Black "Kube, Maja"]
[Result "1-0"]
[Termination "normal"]
[Board "4.3"]
[WhiteElo "1278"]
[BlackElo "979"]
[WhiteClock "01:00:05"]
[BlackClock "00:37:09"]
[WhiteTeam "TSG Oberschöneweide e.V."]
[BlackTeam "SC Papenburg"]
[PlyCount "65"]
[WhiteFideId "16253574"]
[BlackFideId "16298268"]
[EventCountry "GER"]
[EventRounds "7"]
[EventType "team-swiss"]
[EventDate "2021.06.23"]

1. e4 {[%clk 1:30:57]} 1... e5 {[%clk 1:30:51]} 2. Nf3 {[%clk 1:31:22]} 2...
Nc6 {[%clk 1:31:13]} 3. Bc4 {[%clk 1:31:46]} 3... Bc5 {[%clk 1:31:36]} 4. c3 {
[%clk 1:32:00]} 4... Nf6 {[%clk 1:31:54]} 5. d4 {[%clk 1:32:18]} 5... exd4 {
[%clk 1:32:18]} 6. O-O {[%clk 1:31:58]} 6... d5 {[%clk 1:32:01]} 7. exd5 {
[%clk 1:31:23]} 7... Nxd5 {[%clk 1:30:48]} 8. Qb3 {[%clk 1:31:12]} 8... Na5 {
[%clk 1:28:39]} 9. Qb5+ {[%clk 1:30:45]} 9... Qd7 {[%clk 1:24:25]} 10. Qxc5 {
[%clk 1:28:22]} 10... Nb6 {[%clk 1:20:59]} 11. Bxf7+ {[%clk 1:22:35]} 11...
Qxf7 {[%clk 1:14:21]} 12. Qxa5 {[%clk 1:21:55]} 12... O-O {[%clk 1:08:36]} 13.
Nxd4 {[%clk 1:16:40]} 13... Qg6 {[%clk 1:06:40]} 14. Qg5 {[%clk 1:14:48]} 14...
Rf6 {[%clk 1:00:25]} 15. Qxg6 {[%clk 1:13:22]} 15... Rxg6 {[%clk 1:00:47]} 16.
Bf4 {[%clk 1:13:34]} 16... Bh3 {[%clk 0:59:10]} 17. Bg3 {[%clk 1:13:51]} 17...
Bd7 {[%clk 0:57:36]} 18. Bxc7 {[%clk 1:12:50]} 18... Re8 {[%clk 0:56:54]} 19.
Nd2 {[%clk 1:11:52]} 19... Nd5 {[%clk 0:56:31]} 20. Bg3 {[%clk 1:09:47]} 20...
Nf6 {[%clk 0:52:21]} 21. Rfe1 {[%clk 1:06:45]} 21... Rf8 {[%clk 0:50:43]} 22.
N2f3 {[%clk 1:06:00]} 22... Bg4 {[%clk 0:49:09]} 23. Ne5 {[%clk 1:05:00]} 23...
Rg5 {[%clk 0:48:33]} 24. Nxg4 {[%clk 1:05:00]} 24... Rxg4 {[%clk 0:48:37]} 25.
Re7 {[%clk 1:04:42]} 25... Ne4 {[%clk 0:48:17]} 26. f3 {[%clk 1:02:39]} 26...
Rxg3 {[%clk 0:41:31]} 27. hxg3 {[%clk 1:02:43]} 27... Nxg3 {[%clk 0:41:41]} 28.
Kf2 {[%clk 1:02:20]} 28... Nh5 {[%clk 0:41:45]} 29. Rxb7 29... g5 { [%clk
0:41:42]} 30. Rh1 {[%clk 1:00:46]} 30... Nf6 {[%clk 0:36:56]} 31. Ne6 { [%clk
0:59:55]} 31... Rf7 {[%clk 0:37:02]} 32. Rb8+ {[%clk 1:00:05]} 32... Rf8 {[%clk
0:37:09]} 33. Rxf8# 1-0

[Event "DVM U14w 2020"]
[Site "Willingen GER"]
[Date "2021.06.25"]
[Round "3"]
[White "Hubert, Charlotte"]
[Black "Alferova, Emily"]
[Result "1/2-1/2"]
[Termination "normal"]
[Board "5.1"]
[WhiteElo "1549"]
[BlackElo "1365"]
[WhiteClock "00:01:40"]
[BlackClock "00:01:34"]
[WhiteTeam "Hamburger SK von 1830"]
[BlackTeam "SC Garching 1980 e.V."]
[PlyCount "76"]
[WhiteFideId "16265920"]
[BlackFideId "16265904"]
[EventCountry "GER"]
[EventRounds "7"]
[EventType "team-swiss"]
[EventDate "2021.06.23"]

1. e4 {[%clk 1:30:56]} 1... e5 {[%clk 1:30:56]} 2. Nf3 {[%clk 1:31:16]} 2...
Nc6 {[%clk 1:31:23]} 3. Bb5 {[%clk 1:31:36]} 3... d6 {[%clk 1:28:19]} 4. d4 {
[%clk 1:31:56]} 4... exd4 {[%clk 1:28:13]} 5. Nxd4 {[%clk 1:32:12]} 5... Bd7 {
[%clk 1:28:23]} 6. O-O {[%clk 1:30:40]} 6... g6 {[%clk 1:26:30]} 7. Nxc6 {
[%clk 1:24:47]} 7... bxc6 {[%clk 1:24:36]} 8. Bc4 {[%clk 1:24:53]} 8... Bg7 {
[%clk 1:23:39]} 9. Nc3 {[%clk 1:22:32]} 9... Ne7 {[%clk 1:20:38]} 10. Bg5 {
[%clk 1:18:49]} 10... h6 {[%clk 1:19:28]} 11. Be3 {[%clk 1:19:05]} 11... O-O {
[%clk 1:17:05]} 12. Qd2 {[%clk 1:17:43]} 12... h5 {[%clk 1:13:57]} 13. Bh6 {
[%clk 1:14:16]} 13... Kh7 {[%clk 1:08:05]} 14. Bxg7 {[%clk 1:14:33]} 14... Kxg7
{[%clk 1:08:13]} 15. f4 {[%clk 1:07:28]} 15... Ng8 {[%clk 0:59:08]} 16. Qd4+ {
[%clk 1:02:28]} 16... Kh7 {[%clk 0:56:38]} 17. f5 {[%clk 0:58:15]} 17... gxf5 {
[%clk 0:44:11]} 18. exf5 {[%clk 0:57:11]} 18... Qf6 {[%clk 0:41:35]} 19. Qd1 {
[%clk 0:38:48]} 19... Qh4 {[%clk 0:31:33]} 20. Be2 {[%clk 0:24:46]} 20... Nf6 {
[%clk 0:24:37]} 21. Qe1 {[%clk 0:13:22]} 21... Qxe1 {[%clk 0:20:07]} 22. Raxe1
{[%clk 0:13:44]} 22... Rfe8 {[%clk 0:18:03]} 23. Rf4 {[%clk 0:09:30]} 23... Re5
{[%clk 0:16:11]} 24. h3 {[%clk 0:07:53]} 24... Kh6 {[%clk 0:12:16]} 25. g4 {
[%clk 0:06:03]} 25... hxg4 {[%clk 0:12:16]} 26. hxg4 {[%clk 0:06:25]} 26... Rg8
{[%clk 0:10:00]} 27. Kf2 {[%clk 0:05:20]} 27... Rge8 {[%clk 0:05:36]} 28. Rh1+
{[%clk 0:04:33]} 28... Kg7 {[%clk 0:06:01]} 29. Bd3 {[%clk 0:02:20]} 29... c5 {
[%clk 0:02:50]} 30. g5 {[%clk 0:02:06]} 30... Nd5 {[%clk 0:02:29]} 31. Nxd5 {
[%clk 0:02:21]} 31... Rxd5 {[%clk 0:02:55]} 32. f6+ {[%clk 0:02:43]} 32... Kg8
{[%clk 0:02:26]} 33. Bh7+ {[%clk 0:03:06]} 33... Kf8 {[%clk 0:02:25]} 34. Bf5 {
[%clk 0:02:17]} 34... Rd2+ {[%clk 0:02:30]} 35. Kg3 {[%clk 0:01:53]} 35... Re3+
{[%clk 0:02:52]} 36. Kh4 {[%clk 0:00:54]} 36... Bxf5 {[%clk 0:02:45]} 37. Rxf5
{[%clk 0:01:20]} 37... Rd4+ {[%clk 0:03:08]} 38. Kh5 {[%clk 0:01:40]} 38... Rg3
{[%clk 0:01:34]} 1/2-1/2